| 000 | 00000nam 2200000za 4500 |
| 001 | 9.661053 |
| 003 | CaOODSP |
| 005 | 20200427132950 |
| 007 | ta |
| 008 | 150407|1999||||xxc||||| f|0| 0 eng d |
| 020 | |a0-662-64296-1 |
| 040 | |aCaOODSP|beng |
| 041 | |aeng |
| 041 | |afre |
| 043 | |an-cn--- |
| 086 | 1 |aSE1-2/1999-1 |
| 245 | 00|aReport of the Chief Electoral Officer of Canada following the Windsor-St. Clair by-election. |
| 260 | |aOttawa : |bElections Canada, |c1999. |
| 300 | |av, 16 p. : |bgraph ; |c28 cm. |
| 546 | |aBilingual |
| 563 | |aSoftcover |
| 590 | |a99-25|b1999-06-25 |
| 710 | 2 |aElections Canada. |
| 776 | 0#|tRapport du directeur général des élections du Canada sur l'élection partielle dans Windsor-St. Clair |w(CaOODSP)9.639931 |
| 776 | 0#|tReport of the Chief Electoral Officer of Canada following the Windsor-St. Clair by-election |w(CaOODSP)9.695834 |
| 792 | |tRapport du directeur général des élections du Canada sur l'élection partielle dans Windsor-St. Clair.|efre|w(CaOODSP)9.661054 |